La ciudad prometida /
Zapisane w:
| 1. autor: | |
|---|---|
| Kolejni autorzy: | , |
| Format: | Książka |
| Język: | hiszpański |
| Wydane: |
Madrid, España :
Impedimenta,
2023, c2023
|
| Seria: | (Impedimenta) [s.n.]
|
| Hasła przedmiotowe: | |
| Etykiety: |
Nie ma etykietki, Dołącz pierwszą etykiete!
|
MARC
| LEADER | 00000nam^a2200000^a^4500 | ||
|---|---|---|---|
| 001 | 000627515 | ||
| 005 | 20260203000000.0 | ||
| 009 | 20260310134054.799 | ||
| 020 | |a 978-84-19581-21-1 | ||
| 037 | |a Acervo ITESO - Biblioteca | ||
| 041 | |a ESP | ||
| 082 | |a 859. |b SCE | ||
| 100 | |a Şcerbani, Valentina |e (autor) | ||
| 240 | 1 | 4 | |a [La ciudad prometida] |
| 245 | 1 | 3 | |a La ciudad prometida / |c V. Şcerbani ; tr. de M. Ochoa de Eribe. |
| 264 | 4 | |a Madrid, España : |b Impedimenta, |c 2023, c2023 | |
| 300 | |a 160 p. | ||
| 336 | |a texto |b txt |2 rdacontenido | ||
| 337 | |a sin mediación |b n |2 rdamedio | ||
| 338 | |a volumen |b nc |2 rdasoporte | ||
| 440 | 1 | |a (Impedimenta) [s.n.] | |
| 500 | |a Traducción de: Oraşul promis | ||
| 521 | |a FIL 2025 DIA | ||
| 545 | 0 | |a Valentina Şcerbani (Glodeni, República de Moldavia, antigua Unión Soviética, 1988), escritora. Estudió Lengua Francesa en la Universidad Alecu Russo, en Bălți y un posgrado en Mediación Cultural Mediterránea en las universidades Ca'Foscari de Venecia, Autónoma de Barcelona, Paul Valéry de Montpellier y Moulay-Ismaïl de Meknès. Después de trabajar un tiempo como periodista, ha iniciado su trayectoria literaria con La ciudad prometida (2019), una perturbadora novela galardonada con el Premio Debut, de la Asociación Nacional de Escritores de Moldavia, nombrada Mejor Debut del Año, por la Biblioteca Pública Municipal Bogdan Petriceicu Hasdeu de Chişinău, la capital de Moldavia, y seleccionada finalista del Premio Sofia Nădejde, en Bucarest. También elegida candidata al Premio Escritor Joven del Año en Rumania, trabaja para UNICEF en Chişinău. | |
| 580 | |a Existe 1 tarjeta postal vinculada con el recurso, en el registro 627633 | ||
| 649 | |a XX | ||
| 650 | |a Novela Moldava | ||
| 650 | |a Literatura en Rumano - |z Moldavia | ||
| 650 | |a Literatura de Mujeres - |z Moldavia | ||
| 650 | |a Literatura Moldava - |y Siglo XXI | ||
| 700 | |a Ochoa de Eribe, Marian |e (traducción) | ||
| 700 | |a Ochoa de Eribe |e (traducción) | ||
| 910 | |a Fondo General | ||
| 920 | |a Impresos - Libros | ||
| 930 | |a Colección General | ||
| 940 | |a Literatura | ||
| 905 | |a 101 | ||
| 901 | |a 627515-10 |b IT1 |c LIT |i C191896 |u 20260203 | ||
| 902 | |a https://opac.biblio.iteso.mx/vufind/Record/000627515 | ||